• 首页
  • 本馆介绍
  • 公告通知
  • 最新文献
  • 馆藏检索
  • 电子资源
  • 读者导购
  • 参考咨询
  • 我的图书馆
  • 登录
  • 详细信息显示
  • 放入我的书架
  • 预约/预借图书
  • 作者相关作品
  • 分类相关作品
  • 丛书相关作品
  • 出版社相关作品

书目信息

  • 表格格式
  • 工作单格式
  • 卡片格式
题名:
湿地生态系统保护与管理
    
 
作者: 吕宪国 主编
分册:  
出版信息: 北京   化学工业出版社  2004
页数: 359页
开本: 20cm
丛书名: 环境科学与政策丛书
单 册:
中图分类: P941.78
科图分类:
主题词: 沼泽化地--生态系统--研究 , 沼泽化地 , 生态系统
电子资源:
ISBN: 7-5025-5582-X
000 01031oam2 2200301 450
001 002724862
005 20070805110148.45
010    @a7-5025-5582-X@dCNY28.00
035    @a002724862
100    @a20040802d2004 em y0chiy0110 ea
101 0  @achi
102    @aCN@b110000
105    @aab z 000yy
106    @ar
200 1  @a湿地生态系统保护与管理@Ashi di sheng tai xi tong bao hu yu guan li@f吕宪国主编@Flu^ xian guo zhu bian
210    @a北京@c化学工业出版社@d2004
215    @a359页@c图@d20cm
225 2  @a环境科学与政策丛书@Ahuan jing ke xue yu zheng ce cong shu
304    @a中国人民大学环境学院组织编写
330    @a本书分别从湿地的基本概念、生态系统的组成与结构、功能及其评价,湿地生态系统管理的理论基础和湿地自然保护区管理方法等方面进行介绍。
461  0 @1001002724829@12001 @a环境科学与政策丛书
606 0  @a沼泽化地@x生态系统@x研究
606 0  @a沼泽化地
606 0  @a生态系统
690    @aP941.78@v4
701  0 @a吕宪国@Alv xian guo@4主编
801  0 @aCN@bNLC@c20070805
905    @dP941.78@e118@f5
    
    湿地生态系统保护与管理/吕宪国主编.-北京:化学工业出版社,2004
    359页:图;20cm.-(环境科学与政策丛书)
    
    
    ISBN 7-5025-5582-X:CNY28.00
    本书分别从湿地的基本概念、生态系统的组成与结构、功能及其评价,湿地生态系统管理的理论基础和湿地自然保护区管理方法等方面进行介绍。
●
相关链接 在E读中查询图书 在五车中查询图书 在当当中查询图书 在豆瓣中查询图书


正题名:湿地生态系统保护与管理     索取号:P941.78/118         预约/预借

序号 登录号 条形码 馆藏地/架位号 状态 备注
1 0850861   208508612   第二样本阅览室/ [索取号:P941.78/118] 在馆    
2 0850862   208508621   第三借阅区/ [索取号:P941.78/118] 在馆    
3 0850863   208508630   第三借阅区/ [索取号:P941.78/118] 在馆    
4 0850864   208508649   第三借阅区/ [索取号:P941.78/118] 在馆    
5 0850865   208508658   第三借阅区/ [索取号:P941.78/118] 在馆    
唐山师范学院图书馆 欢迎您!
大连网信软件有限公司© 版权所有